[Event "Senigallia Perini Memorial 3rd"]
[Site "Senigallia"]
[Date "2009.08.09"]
[Round "9"]
[White "Fontana, Enrico"]
[Black "Raselli, Claudio"]
[Result "1-0"]
[WhiteElo "2130"]
[BlackElo "1984"]
[PlyCount "49"]
[EventDate "2009.08.01"]
[EventType "swiss"]
[EventRounds "9"]
[EventCountry "ITA"]
[SourceTitle "EXT 2010"]
[Source "ChessBase"]
[SourceDate "2010.11.25"]
[SourceVersion "1"]
[SourceVersionDate "2010.11.25"]
[SourceQuality "1"]

1. d4 e6 2. e4 d5 3. exd5 exd5 4. Bd3 Nf6 5. Ne2 Bg4 6. f3 Bh5 7. Nf4 Bg6 8. Qe2+ Be7 9. Nxg6 hxg6 10. Nc3 0-0 11. Bg5 Nc6 12. Qf2 Nb4 13. 0-0-0 Nxd3+ 14. Rxd3 Ng4 15. fxg4 Bxg5+ 16. Kb1 Qd7 17. h4 Be7 18. Qf3 c6 19. g5 Bb4 20. g4 Bxc3 21. bxc3 Rae8 22. h5 Re4 23. hxg6 Qxg4 24. Qxg4 Rxg4 25. Rdh3 1-0

[Event "ITA-ch sf 66th"]
[Site "Cortina d'Ampezzo"]
[Date "2006.07.12"]
[Round "5.11"]
[White "Fontana, Enrico"]
[Black "Vezzosi, Paolo"]
[Result "0-1"]
[WhiteElo "2122"]
[BlackElo "2356"]
[PlyCount "32"]
[EventDate "2006.07.09"]
[EventType "swiss"]
[EventRounds "9"]
[EventCountry "ITA"]
[SourceTitle "EXT 2023"]
[Source "ChessBase"]
[SourceDate "2022.10.05"]
[SourceVersion "1"]
[SourceVersionDate "2022.10.05"]
[SourceQuality "1"]

1. d4 Nf6 2. c4 e6 3. Nc3 Bb4 4. Bg5 c5 5. d5 Bxc3+ 6. bxc3 d6 7. e3 Qe7 8. Be2 exd5 9. cxd5 Qe5 10. Bxf6 Qxf6 11. Qd2 0-0 12. Nf3 Bf5 13. 0-0 Nd7 14. Bd3 Bg4 15. Ne1 Nb6 16. c4 Qxa1 0-1

[Event "ITA-ch sf 66th"]
[Site "Cortina d'Ampezzo"]
[Date "2006.07.11"]
[Round "4.6"]
[White "Brunello, Sabino"]
[Black "Fontana, Enrico"]
[Result "1-0"]
[WhiteElo "2391"]
[BlackElo "2122"]
[PlyCount "77"]
[EventDate "2006.07.09"]
[EventType "swiss"]
[EventRounds "9"]
[EventCountry "ITA"]
[SourceTitle "EXT 2023"]
[Source "ChessBase"]
[SourceDate "2022.10.05"]
[SourceVersion "1"]
[SourceVersionDate "2022.10.05"]
[SourceQuality "1"]

1. e4 c5 2. Nf3 Nc6 3. Nc3 d6 4. d4 cxd4 5. Nxd4 e5 6. Nb3 f5 7. Bc4 Nf6 8. Bg5 Be7 9. Bxf6 Bxf6 10. Qd5 Rf8 11. 0-0-0 a6 12. Kb1 Nb4 13. Qd2 Rb8 14. a3 b5 15. Bxb5+ axb5 16. axb4 Be6 17. Na5 Rb6 18. exf5 Bg5 19. Qe2 Rxf5 20. Nd5 Bxd5 21. Rxd5 Qf6 22. f3 Rf4 23. c3 Qg6+ 24. Ka1 Be7 25. Rxb5 Rxb5 26. Qxb5+ Kf7 27. g3 Rf5 28. Nc6 Qe6 29. Qb7 Kf6 30. Re1 Rh5 31. f4 Bf8 32. fxe5+ dxe5 33. Nd4 Qg4 34. Qc6+ Ke7 35. Qc7+ Qd7 36. Rxe5+ Rxe5 37. Qxe5+ Kd8 38. b5 Bd6 39. Qxg7 1-0

[Event "Venice Autumn op-A 10th"]
[Site "Venice"]
[Date "2004.10.30"]
[Round "2"]
[White "Fontana, Enrico"]
[Black "Rigo, Gianfrancesco"]
[Result "0-1"]
[WhiteElo "2123"]
[BlackElo "2045"]
[PlyCount "66"]
[EventDate "2004.10.29"]
[EventType "swiss"]
[EventRounds "6"]
[EventCountry "ITA"]
[SourceTitle "EXT 2005"]
[Source "ChessBase"]
[SourceDate "2004.11.15"]
[SourceVersion "1"]
[SourceVersionDate "2004.11.15"]
[SourceQuality "1"]

1. e4 e5 2. Nf3 Nc6 3. Bb5 a6 4. Ba4 Nf6 5. 0-0 Be7 6. Re1 b5 7. Bb3 d6 8. h3 0-0 9. c3 Na5 10. Bc2 c5 11. d4 Qc7 12. Bg5 Nc4 13. b3 Nb6 14. dxe5 dxe5 15. Nbd2 Be6 16. Qe2 c4 17. b4 Rfd8 18. Qe3 Nbd7 19. Nf1 Bf8 20. Ng3 h6 21. Bxf6 Nxf6 22. Red1 a5 23. Rxd8 Rxd8 24. bxa5 Bc5 25. Qe1 Qxa5 26. Nxe5 Qc7 27. Nxf7 Bxf7 28. Kh1 Qf4 29. Rd1 Rxd1 30. Qxd1 Qxf2 31. Nf5 Bg6 32. g4 Bxf5 33. gxf5 Nh5 0-1

[Event "Cortina d'Ampezzo op 2nd"]
[Site "Cortina d'Ampezzo"]
[Date "2004.07.??"]
[Round "8"]
[White "Cardilli, Mariano"]
[Black "Fontana, Enrico"]
[Result "1-0"]
[WhiteElo "1997"]
[BlackElo "2056"]
[PlyCount "77"]
[EventDate "2004.07.11"]
[EventType "swiss"]
[EventRounds "7"]
[EventCountry "ITA"]
[SourceTitle "CBM 101 Extra"]
[Source "ChessBase"]
[SourceDate "2004.09.01"]
[SourceVersion "2"]
[SourceVersionDate "2004.09.01"]
[SourceQuality "1"]

1. d4 Nf6 2. c4 e6 3. Nc3 Bb4 4. e3 c5 5. Nf3 0-0 6. Bd3 Bxc3+ 7. bxc3 d6 8. 0-0 Nc6 9. e4 e5 10. d5 Ne7 11. Nh4 h6 12. f4 Ne8 13. Nf3 f6 14. f5 Nc7 15. g4 Kf7 16. h4 Ke8 17. g5 hxg5 18. hxg5 Rh8 19. Kg2 Na6 20. Bd2 Kd7 21. Rh1 Kc7 22. Rxh8 Qxh8 23. Qh1 Bd7 24. Kf2 Rf8 25. Rg1 Kd8 26. Qg2 Nc7 27. Rh1 Qg8 28. Qf1 Ne8 29. g6 Nc8 30. Nh2 Nb6 31. Ng4 Kc8 32. Rh7 Ba4 33. Bh6 Nd7 34. Bxg7 Nxg7 35. Nh6 Qxh7 36. gxh7 Rh8 37. Qg1 Rxh7 38. Qg6 Nf8 39. Qf7 1-0